I love Idi Amin: (Record no. 13695)

000 -LEADER
fixed length control field 00893nam a2200253 a 4500
001 - CONTROL NUMBER
control field :::00011518$&:&@@
003 - CONTROL NUMBER IDENTIFIER
control field OkBaRHE
005 - DATE AND TIME OF LATEST TRANSACTION
control field 20001026162628.0
008 - FIXED-LENGTH DATA ELEMENTS--GENERAL INFORMATION
fixed length control field s1977 j 000 0 eng u
020 ## - INTERNATIONAL STANDARD BOOK NUMBER
International Standard Book Number 0800783409
040 ## - CATALOGING SOURCE
Transcribing agency
100 1# - MAIN ENTRY--PERSONAL NAME
Personal name Kivengere, Festo and Smoker, Dorothy..
245 10 - TITLE STATEMENT
Title I love Idi Amin:
Remainder of title the story of triumph under fire in the midst of suffering and persecution in Uganda.
260 ## - PUBLICATION, DISTRIBUTION, ETC. (IMPRINT)
Place of publication, distribution, etc Old Tappan, NJ., :
Name of publisher, distributor, etc Fleming H. Revell Co.
Date of publication, distribution, etc c1977
300 ## - PHYSICAL DESCRIPTION
Extent 63 p. : illus. ;
Dimensions 18 cm.
490 0# - SERIES STATEMENT
Series statement New Life ventures
650 ## - SUBJECT ADDED ENTRY--TOPICAL TERM
Topical term or geographic name as entry element Amin, Idi, 1925-
650 ## - SUBJECT ADDED ENTRY--TOPICAL TERM
Topical term or geographic name as entry element Bishops Uganda
General subdivision Biography
650 ## - SUBJECT ADDED ENTRY--TOPICAL TERM
Topical term or geographic name as entry element Church of Uganda
General subdivision Bishops
-- Biography
650 ## - SUBJECT ADDED ENTRY--TOPICAL TERM
Topical term or geographic name as entry element Kivengere, Festo.
700 ## - ADDED ENTRY--PERSONAL NAME
Personal name Smoker, Dorothy, Joint author.
942 ## - ADDED ENTRY ELEMENTS (KOHA)
Source of classification or shelving scheme
Koha item type Books
Copies
Date acquired Date last seen Not for loan Full call number Source of classification or shelving scheme Withdrawn status Lost status Damaged status Barcode Shelving location Koha item type Permanent Location Copy number Price effective from
2010-04-142010-04-14 BX 5700.8 .Z8K58    11518General StacksBooksRHEMA Bible Training College12010-04-14